01189nas a2200397 a 450000100060000000300080000600500170001400600190003100700150005000800410006502200140010603500210012004000260014105000190016708000070018608200120019322200170020524500410022226000360026330000070029931000120030636200350031853301640035365000180051765000190053565000260055465000150058065000180059565000200061365300150063365300160064865500290066471000190069385600620071299900170077451753FlNmELB20241216232332.0m o d | cr cn|||||||||201201r2011 sp |||||s|||||||||||spa d a1699-7751 a(OCoLC)949151594 aFlNmELBbspacFlNmELB 4aQB1bA859 2011 a5204a520222 0aAstronomía00aAstronomíah[recurso electronico]. a[S.l.] :bEquipo Sirius,c2011. av. aMensual0 aNum 145/146 (Julio-Ago. 2011)- aRecurso electrónico. Santa Fe, Arg.: e-libro, 2015. Disponible vía World Wide Web. El acceso puede estar limitado para las bibliotecas afiliadas a e-libro. 4aAstronomía. 4aAstrofísica. 4aCiencias del espacio. 4aAstronomy. 4aAstrophysics. 4aSpace sciences. aAstronomia aAstrofisica 4aRevistas electrónicas.2 ae-libro, Corp.40uhttps://elibro.net/ereader/politecnicointernacional/83634 c51753d51753